000 00391nam a22001217a 4500
999 _c7692
_d7692
008 190306b ||||| |||| 00| 0 eng d
020 _a9781546230960
100 _aTillman Erin
245 _aThe Consent Guidebook ;
_ba practical appraoch to consensual, respectful and enthusiastic interactions
260 _aBloomington ;
_bAuthor house,
_c2018.
300 _axii, 153 p.
_c20 cm.
942 _2ddc